| 000 | 00684nam a2200169 a 4500 | ||
|---|---|---|---|
| 008 | 201117s2017 ||||||||||||||||| || u | ||
| 020 | _a9781474906920 | ||
| 050 | _aPZ 7.E375 | ||
| 100 | _aBeasley, Andrew | ||
| 245 | 1 | 0 |
_aThe mummy's revenge _cBy Andrew Beasley |
| 260 |
_aLondon _bUsborne Publishing Ltd _c2017 |
||
| 300 | _a233 pages | ||
| 350 | _a15.84 | ||
| 650 | _aENGLISH LANGUAGE | ||
| 995 |
_aFICTION Collection _D15.84 _e905178 _FCBU-SCHOOL OF MEDICINE LIBRARY (Ndola) _jPZ 7.E375 _M1 _UAVAILABLE _WNov 19, 2020 _y905178 _ZFiction Collection |
||
| 995 |
_aFICTION Collection _e750502 _FCBU-MAIN LIBRARY (Kitwe) _I15.84 _jPZ 7.E375 _M2 _UAVAILABLE _WDec 7, 2020 _y750502 _ZFiction Collection |
||
| 999 |
_c78678 _d78678 |
||